000 00426nam a2200193Ia 4500
005 20250423095100.0
008 250422s9999 xx 000 0 und d
020 _a9781546503
050 _aPR 9387 .O85/
100 _aOsifo, Gracy
245 0 _aDizzy angel
250 _a2nd ed.
260 _aIbadan
260 _bUniversity press ltd
260 _c2009
300 _a279 p
650 _aLiterature
942 _cBK
999 _c29185
_d29185